Statistics for U.S. States That changed their Capital

Click here to take the quiz!

General Stats

  • This quiz has been taken 27 times
  • The average score is 19 of 67

Answer Stats

StateDurationAnswer% Correct
Louisiana1865-1880New Orleans
100%
Louisiana1831-1849New Orleans
100%
Louisiana1812-1830New Orleans
100%
New York1776-1777New York City
84%
New York1778-1797New York City
84%
Georgia1776-1778Savannah
72%
Georgia1782Savannah
72%
Georgia1784-1786Savannah
72%
Michigan1837-1847Detroit
68%
Pennsylvania1776-1794Philadelphia
68%
West Virginia1870-1875Charleston
64%
South Carolina1776-1786Charleston
64%
California1850-1852San Jose
60%
Georgia1864-1865Macon
56%
Connecticut1776-1875New Haven/Hartford
56%
Georgia1778-1780Augusta
52%
Georgia1786-1796Augusta
52%
Georgia1781-1782Augusta
52%
Alabama1819-1820Huntsville
48%
Tennessee1796-1807Knoxville
48%
Tennessee1817-1818Knoxville
48%
Tennessee1807-1812Knoxville
48%
Tennessee1812-1817Nashville
48%
Maine1820-1832Portland
48%
Louisiana1863-1865Shreveport
40%
Alabama1826-1846Tuscaloosa
40%
Rhode IslandMany Times in 1776-1853Providence
32%
Rhode Island1853-1900Providence/Newport
32%
Louisiana1849-1862Baton Rouge
28%
Iowa1846-1857Iowa City
20%
TennesseeOne Day In 1807!Kingston
12%
New York1777Kingston
12%
Mississippi1817-1821Natchez
12%
Rhode IslandMany Times in 1776-1853Newport
12%
New York1777-1788Poughkeepsie
12%
Missouri1821-1826Saint Charles
12%
West Virginia1863-1870Wheeling
12%
West Virginia1875-1885Wheeling
12%
Georgia1796-1807Louisville
8%
Tennessee1818-1826Murfreesboro
8%
Virginia1776-1780Williamsburg
8%
California1853-1854Benicia
4%
Rhode IslandMany Times in 1776-1853Bristol
4%
Ohio1803-1810Chillicothe
4%
Ohio1812-1816Chillicothe
4%
Indiana1816-1825Corydon
4%
New Hampshire1776-1808Exeter
4%
North Carolina1789-1794Fayetteville
4%
Georgia1807-1864Milledgeville
4%
Georgia1865-1868Milledgeville
4%
North Carolina1776-1789New Bern
4%
California1852-1853Vallejo
4%
Alabama1820-1826Cahawba
0%
Louisiana1830-1831Donaldsonsville
0%
Rhode IslandMany Times in 1776-1853East Greenwich
0%
Georgia1782-1784Ebenezer
0%
Oklahoma1907-1910Guthrie
0%
Georgia1780-1781Heard’s Fort
0%
New York1777Hurley
0%
Illinois1818-1820Kaskaskia
0%
Pennsylvania1794-1812Lancaster
0%
Delaware1776-1777New Castle
0%
Louisiana1862-1863Opelousas
0%
Rhode IslandMany Times in 1776-1853South Kingston
0%
Illinois1820-1839Vandalia
0%
Vermont1791-1805Windsor
0%
Ohio1810-1812Zanesville
0%

Score Distribution

Percentile by Number Answered

Percent of People with Each Score

Your Score History

You have not taken this quiz